000
00254nam a2200097Ia 4500
082
_a
J|155.94|DEGE
245
0
_a
Moving
100
_a
DeGezelle, Terri, , 1955- Oxford, 2009
_9
52421
942
_c
BK
008
210817s9999 xx 000 0 und d
999
_c
167040
_d
167039